000 00661nam a2200241Ia 4500
005 20250508163855.0
008 008 250505s9999 xx 000 0 eng d
020 _a0-415-26750-1
037 _aTextual
040 _aFEDL
_beng
_cFEDL
041 _aeng
_2eng
084 _a155.413, PIA
_qFEDL
100 _aPiaget Jean
245 0 _aLanguage and thought of the child
250 _a3
260 _aLondon, UK
_bRoutledge
_c2002
300 _axxii,291p
365 _aINR
_b295
546 _aIndian reprint
650 _aChild psychology; Developmental psychology
_9776627
942 _cTEXL
_h155.413, PIA
999 _c1385731
_d1385731